Catálogo de la Biblioteca Horacio González - Universidad Nacional de General Sarmiento

El viaje de Chihiro (Registro nro. 53917)

Detalles MARC
000 -CABECERA
campo de control de longitud fija 01693ngm a22003130a 4500
001 - NÚMERO DE CONTROL
campo de control PT47155
003 - IDENTIFICADOR DEL NÚMERO DE CONTROL
campo de control AR-LpoUNG
005 - FECHA Y HORA DE LA ÚLTIMA TRANSACCIÓN
campo de control 20210202000004.0
007 - CAMPO FIJO DE DESCRIPCIÓN FÍSICA--INFORMACIÓN GENERAL
campo de control de longitud fija vd cvaizq
008 - DATOS DE LONGITUD FIJA--INFORMACIÓN GENERAL
campo de control de longitud fija 191001s2010||||ag |||||||||||||||||spa d
037 ## - FUENTE DE ADQUISICIÓN
Condiciones de disponibilidad $5
040 ## - FUENTE DE LA CATALOGACIÓN
Centro catalogador/agencia de origen AR-LpoUNG
Lengua de catalogación spa
Centro/agencia transcriptor AR-LpoUNG
Normas de descripción aacr
041 ## - CÓDIGO DE LENGUA
Código de lengua del texto/banda sonora o título independiente spa
-- jpn
044 ## - CÓDIGO DEL PAÍS DE LA ENTIDAD EDITORA/PRODUCTORA
Código MARC del país ag
082 0# - NÚMERO DE LA CLASIFICACIÓN DECIMAL DEWEY
Número de clasificación 808.068 685via
100 1# - ENTRADA PRINCIPAL--NOMBRE DE PERSONA
Nombre de persona Miyazaki, Hayao
Término indicativo de función/relación dir.
245 13 - MENCIÓN DE TÍTULO
Título El viaje de Chihiro
260 ## - PUBLICACIÓN, DISTRIBUCIÓN, ETC.
Lugar de publicación, distribución, etc. Buenos Aires :
Nombre del editor, distribuidor, etc. SBP,
Fecha de publicación, distribución, etc. 2010.
300 ## - DESCRIPCIÓN FÍSICA
Extensión DVD (124 min.) : son., col.
505 0# - NOTA DE CONTENIDO CON FORMATO
Nota de contenido con formato Hecha en 2001. Música: Joe Hisaishi, Yumi Kimura. Fotografía: Atshushi Okui.
520 ## - SUMARIO, ETC.
Sumario, etc. Chihiro es una niña de diez años caprichosa y testaruda que cree que el universo entero debe someterse a sus deseos. Cuando sus padres, Akio y Yugo, le dicen que tienen que cambiar de casa, se enfurece sin ocultar sus sentimientos. Rumbo a su nuevo hogar, la familia se equivoca de camino y aparece al final de un misterioso callejón sin salida. Allí se yergue un edificio rojo con un interminable túnel en el centro que conduce a un pueblo fantasmal donde les espera un magnífico banquete. Akio y Yugo se lanzan sobre la comida. Chihiro mira a sus padres, que siguen devorando plato tras plato, cuando de repente son transformados en cerdos. Sin querer ha entrado en un mundo habitado por dioses antiguos y seres mágicos, dominado por la diabólica Yubaba, una arpía hechicera, quien le explica a Chihiro que a los instrusos los ha transformados en animales y después los matan para comerlos.
653 ## - TÉRMINO DE INDIZACIÓN--NO CONTROLADO
Término no controlado ANIMACION
653 ## - TÉRMINO DE INDIZACIÓN--NO CONTROLADO
Término no controlado AVENTURA
653 ## - TÉRMINO DE INDIZACIÓN--NO CONTROLADO
Término no controlado DVD
653 ## - TÉRMINO DE INDIZACIÓN--NO CONTROLADO
Término no controlado VIDEOS
653 ## - TÉRMINO DE INDIZACIÓN--NO CONTROLADO
Término no controlado VIDEOS INFANTILES
905 ## - ELEMENTOS DE DATOS E LOCAL, LDE (RLIN)
a 47155
942 ## - ELEMENTOS DE PUNTO DE ACCESO ADICIONAL (KOHA)
Tipo de ítem Koha DVD
Existencias
Estado de retiro Estado de pérdida Estado dañado No para préstamo Código de colección Localización permanente Ubicación/localización actual Fecha de adquisición Total de préstamos Signatura topográfica completa Código de barras Fecha visto por última vez Fecha del último préstamo Precio válido a partir de Tipo de ítem Koha
        Colección Cine Biblioteca Universidad Nacional de General Sarmiento Biblioteca Universidad Nacional de General Sarmiento 02/02/2021 3 808.068 685via 00054526 10/02/2025 19/12/2024 02/02/2021 DVD
        Colección Cine Biblioteca Universidad Nacional de General Sarmiento Biblioteca Universidad Nacional de General Sarmiento 02/02/2021   808.068 685via 00054527 02/02/2021   02/02/2021 DVD
        Colección Cine Biblioteca Universidad Nacional de General Sarmiento Biblioteca Universidad Nacional de General Sarmiento 02/02/2021   808.068 685via 00054528 02/02/2021   02/02/2021 DVD